• 首页
  • 本馆介绍
  • 公告通知
  • 最新文献
  • 馆藏检索
  • 电子资源
  • 读者导购
  • 参考咨询
  • 我的图书馆
  • 登录
  • 详细信息显示
  • 放入我的书架
  • 预约/预借图书
  • 作者相关作品
  • 分类相关作品
  • 丛书相关作品
  • 出版社相关作品

书目信息

  • 表格格式
  • 工作单格式
  • 卡片格式
题名:
光学薄膜及其技术应用研究
    
 
作者: 王生钊 著
分册:  
出版信息: 北京   中国水利水电出版社  2020.01
页数: 181页
开本: 24cm
丛书名:
单 册:
中图分类: TB43
科图分类:
主题词: 光学薄膜--guang xue bao mo--研究
电子资源:
ISBN: 978-7-5170-8086-2
000 01008nam0 2200241 450
001 0109110219
005 20201109110339.0
010    @a978-7-5170-8086-2@dCNY60.00
100    @a20200408d2020 em y0chiy50 ea
101 0  @achi
102    @aCN@b110000
105    @aak az 000yy
106    @ar
200 1  @a光学薄膜及其技术应用研究@Aguang xue bao mo ji qi ji shu ying yong yan jiu@f王生钊著
210    @a北京@c中国水利水电出版社@d2020.01
215    @a181页@c图@d24cm
320    @a有书目(第179-181页)
330    @a本书内容包括:薄膜光学特性的理论计算,常见介质膜系及其设计,真空镀膜技术,常见光学薄膜材料,光学薄膜的结构与特性,光学薄膜特性检测技术,光学功能薄膜的应用研究。全书内容翔实,概念清楚,层次分明,实用性强,可供光学薄膜和其他薄膜领域研究人员、技术人员、各类从业人员参考,也可供薄膜元件的应用者或其他相关人员参考。
606 0  @a光学薄膜@Aguang xue bao mo@x研究
690    @aTB43@v5
701  0 @a王生钊@Awang sheng zhao@4著
801  0 @aCN@bBJSZM@c20201103
905    @b1240835-8@dTB43@e571@f4
    
    光学薄膜及其技术应用研究/王生钊著.-北京:中国水利水电出版社,2020.01
    181页:图;24cm
    
    
    ISBN 978-7-5170-8086-2:CNY60.00
    本书内容包括:薄膜光学特性的理论计算,常见介质膜系及其设计,真空镀膜技术,常见光学薄膜材料,光学薄膜的结构与特性,光学薄膜特性检测技术,光学功能薄膜的应用研究。全书内容翔实,概念清楚,层次分明,实用性强,可供光学薄膜和其他薄膜领域研究人员、技术人员、各类从业人员参考,也可供薄膜元件的应用者或其他相关人员参考。
●
相关链接 在E读中查询图书 在五车中查询图书 在当当中查询图书 在豆瓣中查询图书


正题名:光学薄膜及其技术应用研究     索取号:TB43/571         预约/预借

序号 登录号 条形码 馆藏地/架位号 状态 备注
1 1240835   212408358   第二样本阅览室/ [索取号:TB43/571] 在馆    
2 1240836   212408367   第三借阅区/ [索取号:TB43/571] 在馆    
3 1240837   212408376   第三借阅区/ [索取号:TB43/571] 在馆    
4 1240838   212408385   第三借阅区/ [索取号:TB43/571] 在馆    
唐山师范学院图书馆 欢迎您!
大连网信软件有限公司© 版权所有